[Event "Intermat 2019"]
[Site "Amazon Seattle"]
[Date "2019.05.04"]
[Round "2"]
[White "Qu, Jayden"]
[Black "Shi, Ted"]
[Result "1-0"]
[WhiteElo "872"]
[BlackElo "1538"]
[PlyCount "89"]
[EventDate "2019.??.??"]

1. e4 c5 2. Nf3 d6 3. d4 cxd4 4. Nxd4 Nf6 5. Nc3 a6 6. Bg5 e6 7. f4 Be7 8. Qf3
Nbd7 9. Bc4 h6 10. Bh4 Nh7 11. Bg3 Nb8 12. e5 dxe5 13. Nde2 exf4 14. Bxf4 O-O
15. Bd3 Ng5 16. Qg3 Nc6 17. h4 Nh7 18. O-O-O Qa5 19. Bxh6 Bf6 20. Qg4 Ne5 21.
Qg3 b5 22. Ne4 Nxd3+ 23. Rxd3 Kh8 24. Nxf6 gxh6 25. Nh5 Rg8 26. Qe3 Qxa2 27.
Qe5+ f6 28. Nxf6 Qa1+ 29. Kd2 Qa5+ 30. c3 Nxf6 31. Qxf6+ Kh7 32. Rf1 Qc7 33.
Qd4 Ra7 34. Rf6 Qg7 35. Qe4+ Kh8 36. Qf4 Rb7 37. Rxh6+ Qh7 38. Qf6+ Rbg7 39.
Rd8 Rxd8+ 40. Qxd8+ Rg8 41. Rxh7+ Kxh7 42. Qc7+ Kh8 43. g4 Re8 44. g5 e5 45. g6
1-0

[Event "Intermat 2019"]
[Site "Amazon Seattle"]
[Date "2019.05.04"]
[Round "1"]
[White "Shi, Ted"]
[Black "Gao, Justin"]
[Result "0-1"]
[WhiteElo "1538"]
[BlackElo "800"]
[PlyCount "64"]
[EventDate "2019.??.??"]

1. d4 d5 2. c4 c6 3. Nf3 Nf6 4. Nc3 e6 5. e3 Bb4 6. Bd3 Qa5 7. Qc2 Bxc3+ 8.
Qxc3 Qxc3+ 9. bxc3 b6 10. O-O Ba6 11. Ne5 dxc4 12. Bxc4 b5 13. Bd3 O-O 14. Ba3
Rc8 15. Bc5 Nbd7 16. Nxd7 Nxd7 17. Bd6 Nb6 18. e4 Na4 19. Rac1 c5 20. e5 cxd4
21. cxd4 Nc3 22. Rc2 Nd5 23. Rfc1 Nf4 24. Be4 Ne2+ 25. Kf1 Nxc1 26. Rxc8+ Rxc8
27. Bb1 Nxa2 28. Bxa2 Rc1+ 29. Ke2 Rc2+ 30. Kd3 Rxa2 31. Ke3 Bb7 32. g3 a5 0-1

[Event "Intermat 2019"]
[Site "Amazon Seattle"]
[Date "2019.05.04"]
[Round "2"]
[White "Justin Gao"]
[Black "Yiding Lu"]
[Result "0-1"]
[WhiteElo "800"]
[BlackElo "1617"]
[PlyCount "60"]
[EventDate "2019.??.??"]

1. d4 Nf6 2. c4 e6 3. Nc3 Bb4 4. Bd2 O-O 5. e4 Bxc3 6. Bxc3 Nxe4 7. Qc2 Nf6 8.
Bd3 h6 9. Nf3 b6 10. O-O Bb7 11. Nd2 d5 12. Rfe1 Nbd7 13. Bb4 c5 14. Ba3 Re8
15. cxd5 cxd4 16. dxe6 Rxe6 17. Rxe6 fxe6 18. Qc4 Bd5 19. Qxd4 e5 20. Qh4 Nf8
21. Bc4 Ng6 22. Qg3 Nf4 23. Qc3 Bxc4 24. Qxc4+ Kh8 25. Nf3 e4 26. Ne5 Kh7 27.
f3 Rc8 28. Qa4 Qd2 29. Kf1 Qe2+ 30. Kg1 Qxg2# 0-1

[Event "Intermat 2019"]
[Site "Amazon Seattle"]
[Date "2019.05.04"]
[Round "1"]
[White "Yiding Lu"]
[Black "Jayden Qu"]
[Result "1-0"]
[WhiteElo "1617"]
[BlackElo "872"]
[PlyCount "85"]
[EventDate "2019.??.??"]

1. e4 c5 2. Nf3 d6 3. d4 cxd4 4. Bc4 Nf6 5. Qe2 Nc6 6. c3 dxc3 7. Nxc3 Bg4 8.
O-O Nd4 9. Qd3 Nxf3+ 10. gxf3 Bh3 11. Rd1 a6 12. Ne2 Bd7 13. Qb3 e6 14. Qxb7 a5
15. e5 dxe5 16. Bb5 Rb8 17. Rxd7 Nxd7 18. Bxd7+ Ke7 19. Qa7 Qxd7 20. Qxb8 Qd1+
21. Kg2 Qxe2 22. Qc7+ Ke8 23. Qxa5 h5 24. Be3 Qxb2 25. Rc1 Qb8 26. Ba7 Qb7 27.
Rc7 Qd5 28. Rc8+ Ke7 29. Bc5+ Kf6 30. Qd8+ Qxd8 31. Rxd8 Bxc5 32. Rxh8 g6 33.
Rc8 Ba7 34. a4 Bb6 35. Rb8 Bc7 36. Ra8 g5 37. a5 Kg6 38. a6 f5 39. a7 Bb6 40.
Rg8+ Kf7 41. a8=Q Bd8 42. Qxd8 f4 43. Qf8# 1-0

[Event "Intermat 2019"]
[Site "Amazon Seattle"]
[Date "2019.05.04"]
[Round "1"]
[White "Su, Alfred"]
[Black "Ethan Low"]
[Result "1-0"]
[WhiteElo "1214"]
[BlackElo "564"]
[PlyCount "50"]
[EventDate "2019.??.??"]

1. e4 e5 2. Nf3 Nc6 3. Bc4 Bc5 4. Nc3 Nf6 5. d3 h6 6. Be3 Bxe3 7. fxe3 O-O 8.
O-O d6 9. h3 Be6 10. Bb3 Qd7 11. Kh2 Rad8 12. Qe1 Rfe8 13. Qg3 Bxb3 14. axb3
Re7 15. Nh4 Nh5 16. Qf3 Nf6 17. Nf5 Ree8 18. Qg3 Nh5 19. Qg4 g6 20. Nxh6+ Kh7
21. Rxf7+ Qxf7 22. Nxf7 Rc8 23. Qg5 Rf8 24. Rf1 Rxf7 25. Rxf7+ Kh8 1-0

[Event "Intermat 2019"]
[Site "Amazon Seattle"]
[Date "2019.05.04"]
[Round "2"]
[White "Forrest Zhu"]
[Black "Su, Alfred"]
[Result "0-1"]
[WhiteElo "496"]
[BlackElo "1214"]
[PlyCount "102"]
[EventDate "2019.??.??"]

1. e4 e5 2. Nf3 Nc6 3. Bb5 Bc5 4. O-O d6 5. Bxc6+ bxc6 6. Re1 Nf6 7. Nc3 Ng4 8.
Qe2 Bxf2+ 9. Kf1 Bxe1 10. Qxe1 Qf6 11. Kg1 O-O 12. d3 h6 13. Bd2 Qg6 14. Qg3
Qh7 15. h3 Nf6 16. Nh4 Be6 17. Rf1 Nh5 18. Qf3 g6 19. Rf2 f5 20. exf5 Bxf5 21.
g4 Be6 22. gxh5 Rxf3 23. Rxf3 Kh8 24. Nxg6+ Kg8 25. Rg3 Re8 26. Ne7+ Kf7 27.
Nxc6 Rg8 28. Kh2 Rxg3 29. Kxg3 Qf5 30. Nd8+ Ke8 31. Nxe6 Qxe6 32. Nb5 Qxa2 33.
Nxc7+ Kd7 34. Nb5 Qxb2 35. Nxa7 Qxc2 36. Bxh6 Qxd3+ 37. Kh4 Qd4+ 38. Kg5 Qxa7
39. Bg7 e4 40. h6 Ke6 41. Kg6 Qf7+ 42. Kg5 e3 43. Bc3 d5 44. h4 e2 45. h5 Qf5+
46. Kh4 Qf4+ 47. Kh3 Qf3+ 48. Kh2 Qxc3 49. h7 e1=Q 50. Kg2 Qe2+ 51. Kh1 Qc1#
0-1

[Event "Intermat 2019"]
[Site "Amazon Seattle"]
[Date "2019.05.04"]
[Round "1"]
[White "Gao, Jaden"]
[Black "Wu, Lucian"]
[Result "1-0"]
[WhiteElo "1707"]
[BlackElo "1742"]
[PlyCount "45"]
[EventDate "2019.??.??"]

1. e4 e5 2. Nf3 Nc6 3. Bc4 Nf6 4. Ng5 d5 5. exd5 Na5 6. Bb5+ c6 7. dxc6 bxc6 8.
Qf3 e4 9. Nxe4 Qe7 10. Bd3 Bg4 11. Qf4 O-O-O 12. O-O h5 13. Ba6+ Nb7 14. Nxf6
gxf6 15. b3 Bh6 16. Qc4 Kc7 17. Ba3 Nd6 18. Nc3 Qe5 19. Bxd6+ Kxd6 20. Rae1 Qf5
21. Qd4+ Kc7 22. Qxa7+ Kd6 23. Qe7# 1-0

[Event "Intermat 2019"]
[Site "Amazon Seattle"]
[Date "2019.05.04"]
[Round "1"]
[White "Derin Goktepe"]
[Black "Ryan Yang"]
[Result "1-0"]
[WhiteElo "1832"]
[BlackElo "1563"]
[PlyCount "107"]
[EventDate "2019.??.??"]

1. e4 e5 2. Nf3 Nc6 3. Nc3 Bb4 4. Bb5 Qe7 5. Nd5 Qd6 6. c3 Bc5 7. d4 Bb6 8.
Bxc6 dxc6 9. Nxb6 cxb6 10. Nxe5 Nf6 11. O-O O-O 12. Re1 Re8 13. Bf4 Qe6 14. Nd3
Bd7 15. Be5 Rad8 16. Nf4 Qe7 17. Bxf6 Qxf6 18. Nh5 Qg6 19. Ng3 f5 20. e5 f4 21.
Ne4 Rf8 22. f3 h5 23. Qe2 h4 24. Kh1 Rf5 25. h3 Rdf8 26. Nd6 Rg5 27. e6 Be8 28.
e7 Rf6 29. Nxb7 Qh5 30. Nd8 Rfg6 31. Rg1 Rg3 32. Ne6 Qf5 33. Nc7 Kf7 34. Kh2
Qd7 35. Qc4+ Kf6 36. Nxe8+ Qxe8 37. Rae1 Kg5 38. Re5+ Kh6 39. d5 cxd5 40. Qxf4+
Kh7 41. Rh5+ Kg8 42. Rh8+ Kxh8 43. Qf8+ Qxf8 44. exf8=Q+ Kh7 45. Qf4 Kg8 46.
Qxh4 Kf7 47. Qxg3 Rxg3 48. Kxg3 Ke6 49. Kf4 b5 50. Re1+ Kf7 51. Re5 Kg8 52. Kg5
b4 53. Kg6 bxc3 54. Re8# 1-0

[Event "Intermat 2019"]
[Site "Amazon Seattle"]
[Date "2019.05.04"]
[Round "2"]
[White "Frank Zhou"]
[Black "Derin Goktepe"]
[Result "0-1"]
[WhiteElo "1183"]
[BlackElo "1832"]
[PlyCount "124"]
[EventDate "2019.??.??"]

1. e4 e5 2. Nf3 Nc6 3. Bc4 Bc5 4. O-O d6 5. h3 Nf6 6. Nc3 Be6 7. Bb3 O-O 8. d3
h6 9. Be3 Bb6 10. Qd2 d5 11. exd5 Nxd5 12. Rae1 Nxc3 13. Qxc3 Ba5 14. Qc5 Bxe1
15. Rxe1 Qd6 16. Qc3 Qb4 17. Qxb4 Nxb4 18. Bc5 Bxb3 19. Bxb4 c5 20. Bxc5 Rfc8
21. axb3 Rxc5 22. c3 f6 23. d4 exd4 24. Nxd4 Kf7 25. b4 Re5 26. Ra1 a5 27. f4
Rd5 28. Nb3 b6 29. Nd4 Re8 30. bxa5 Rxa5 31. Rd1 Ra2 32. Nb5 Re2 33. Nd6+ Kg8
34. Nc4 b5 35. Kf1 Rc2 36. Ne3 Rcxb2 37. c4 bxc4 38. Nxc4 Rf2+ 39. Kg1 Rxg2+
40. Kf1 Raf2+ 41. Ke1 Rxf4 42. Rd2 Rg1+ 43. Ke2 Rxc4 44. Rd8+ Kh7 45. h4 Rg3
46. Rd2 Rg2+ 47. Ke3 Rxd2 48. Kxd2 Kg6 49. h5+ Kf5 50. Kd3 Rh4 51. Ke3 Ke5 52.
Kd3 Rg4 53. Ke3 Rg3+ 54. Kf2 Ra3 55. Ke2 Kd4 56. Kd2 Ra2+ 57. Kc1 Kc3 58. Kd1
Kd3 59. Kc1 Rh2 60. Kb1 Kc3 61. Ka1 Kb3 62. Kb1 Rh1# 0-1

[Event "Intermat 2019"]
[Site "Amazon Seattle"]
[Date "2019.05.04"]
[Round "1"]
[White "Williamson, Mobius"]
[Black "Zongyue, Tony"]
[Result "1-0"]
[WhiteElo "1587"]
[BlackElo "860"]
[PlyCount "75"]
[EventDate "2019.??.??"]

1. c4 e5 2. Nc3 f5 3. g3 Nf6 4. d3 Bb4 5. Bd2 d6 6. Bg2 Nc6 7. Qa4 Bxc3 8. Bxc3
Bd7 9. Qc2 Qe7 10. a3 Be6 11. Nf3 O-O 12. O-O Rad8 13. b4 a6 14. b5 axb5 15.
cxb5 Na7 16. a4 Rc8 17. Rab1 c6 18. b6 Nb5 19. axb5 cxb5 20. Qd2 e4 21. Bxf6
Qxf6 22. dxe4 fxe4 23. Nd4 Ba2 24. Qxa2+ Rc4 25. Nxb5 Rfc8 26. Rbc1 Qe6 27.
Rxc4 Rxc4 28. Nxd6 Qxd6 29. Qxc4+ Kf8 30. Qc8+ Ke7 31. Qc7+ Qxc7 32. bxc7 Kd7
33. Rc1 Kd6 34. c8=Q e3 35. Qc5+ Ke6 36. Bh3+ Kf6 37. Qf5+ Ke7 38. Qe6+ 1-0

[Event "Intermat 2019"]
[Site "Amazon Seattle"]
[Date "2019.05.04"]
[Round "1"]
[White "Vemparala, Nikash"]
[Black "Boroomand, Arya Cyrus"]
[Result "1-0"]
[WhiteElo "1734"]
[BlackElo "988"]
[PlyCount "115"]
[EventDate "2019.??.??"]

1. e4 e6 2. d4 b6 3. Nc3 Bb7 4. Nf3 Bb4 5. Bd3 Nf6 6. Bg5 h6 7. Bxf6 Qxf6 8.
O-O Bxc3 9. bxc3 d5 10. e5 Qe7 11. Nd2 c5 12. Bb5+ Nc6 13. Bxc6+ Bxc6 14. f4
O-O-O 15. Rb1 g5 16. f5 exf5 17. Rxf5 Bd7 18. Rf6 h5 19. Qf1 Be6 20. Kh1 c4 21.
Nf3 Rdg8 22. Qc1 g4 23. Nh4 Qd7 24. g3 Qe7 25. Qb2 Rg7 26. a4 Qc7 27. Qb5 Qb7
28. a5 Bd7 29. Qb4 b5 30. Qc5+ Kd8 31. Rd6 Ke8 32. Qxd5 Qxd5+ 33. Rxd5 Bc6 34.
Rbxb5 Bxd5+ 35. Rxd5 Rg5 36. Rc5 Kd7 37. e6+ Kxe6 38. Rxg5 f6 39. Rc5 Rh7 40.
Rxc4 Rb7 41. Rb4 Rxb4 42. cxb4 Kd5 43. b5 Kxd4 44. b6 axb6 45. axb6 Kc5 46. b7
Kc4 47. b8=Q Kc5 48. Nf5 Kd5 49. Qd6+ Kc4 50. Qd4+ Kb5 51. Nd6+ Kc6 52. c4 h4
53. Qd5+ Kc7 54. Ne8+ Kc8 55. Qc6+ Kb8 56. Qc7+ Ka8 57. Nd6 hxg3 58. Qb7# 1-0

[Event "Intermat 2019"]
[Site "Amazon Seattle"]
[Date "2019.05.04"]
[Round "1"]
[White "Toppen-Ryan, Harrison"]
[Black "Lehingrat, Callum"]
[Result "0-1"]
[WhiteElo "1891"]
[BlackElo "2037"]
[PlyCount "48"]
[EventDate "2019.??.??"]

1. c4 c5 2. g3 Nc6 3. Bg2 g6 4. Nc3 Bg7 5. e4 d6 6. Nge2 e6 7. O-O Nge7 8. d3
O-O 9. Be3 Rb8 10. d4 cxd4 11. Nxd4 a6 12. Rb1 Qc7 13. f4 Nxd4 14. Bxd4 Qxc4
15. Bxg7 Kxg7 16. Qxd6 Nc6 17. Rbd1 b5 18. Rfe1 Rd8 19. Qxb8 Rxd1 20. Qxc8
Rxe1+ 21. Kf2 Rc1 22. Qxa6 Rc2+ 23. Kg1 Qd4+ 24. Kh1 Rc1+ 0-1

[Event "Intermat 2019"]
[Site "Amazon Seattle"]
[Date "2019.05.04"]
[Round "2"]
[White "Lehingrat, Callum"]
[Black "Lewis-Sandy, Joshua"]
[Result "1-0"]
[WhiteElo "2037"]
[BlackElo "1960"]
[PlyCount "95"]
[EventDate "2019.??.??"]

1. Nf3 c5 2. c4 Nc6 3. d4 cxd4 4. Nxd4 Nf6 5. Nc3 e5 6. Ndb5 Bb4 7. a3 Bxc3+ 8.
Nxc3 O-O 9. Bg5 h6 10. Bh4 d6 11. e3 Be6 12. Be2 g5 13. Bg3 d5 14. cxd5 Nxd5
15. Qc2 Qa5 16. Rc1 Nxc3 17. Qxc3 Qxc3+ 18. Rxc3 Rad8 19. Bb5 f6 20. f3 Rd6 21.
O-O a6 22. Ba4 b5 23. Bc2 Na5 24. f4 exf4 25. exf4 Rd2 26. fxg5 hxg5 27. Rf2
Rxf2 28. Kxf2 Nc4 29. b3 Nxa3 30. Bd6 Nxc2 31. Bxf8 Kxf8 32. Rxc2 Bxb3 33. Rc6
a5 34. Rxf6+ Kg7 35. Rf5 Bc4 36. Rxg5+ Kf6 37. Rc5 a4 38. Ke3 a3 39. Rc7 a2 40.
Ra7 b4 41. Kd4 b3 42. Kc3 Bd5 43. g3 Kf5 44. Kb2 Kg4 45. Ra4+ Kf3 46. g4 Be6
47. g5 Bf7 48. Ra6 1-0

[Event "Intermat 2019"]
[Site "Amazon Seattle"]
[Date "2019.05.04"]
[Round "1"]
[White "Daniel Shubin"]
[Black "Sherry"]
[Result "1-0"]
[WhiteElo "2029"]
[BlackElo "2050"]
[PlyCount "59"]
[EventDate "2019.??.??"]

1. e4 e6 2. d4 d5 3. Nc3 dxe4 4. Nxe4 Nd7 5. Nf3 Ngf6 6. Nxf6+ gxf6 7. Be3 b6
8. Qd2 h5 9. O-O-O Bb7 10. Bc4 Bd6 11. d5 e5 12. Nh4 a6 13. Nf5 b5 14. Be2 Bf8
15. Bh6 Bxh6 16. Nxh6 Nb6 17. Nf5 Qd7 18. Ng7+ Kf8 19. Nxh5 Rxh5 20. Bxh5 Kg7
21. Bf3 Rd8 22. h4 Bxd5 23. Rh3 Qc6 24. Rg3+ Kh7 25. Bxd5 Rxd5 26. Qe2 Rxd1+
27. Qxd1 f5 28. Kb1 Kh6 29. Qd8 Kh7 30. Qg8+ 1-0

[Event "Intermat 2019"]
[Site "Amazon Seattle"]
[Date "2019.05.04"]
[Round "2"]
[White "Sherry"]
[Black "Anthony He"]
[Result "1/2-1/2"]
[WhiteElo "2050"]
[BlackElo "2417"]
[PlyCount "134"]
[EventDate "2019.??.??"]

1. d4 Nf6 2. c4 g6 3. Nc3 d5 4. cxd5 Nxd5 5. Bd2 Bg7 6. e4 Nb6 7. Be3 O-O 8. h3
Nc6 9. Nf3 Na5 10. Be2 Nac4 11. Bxc4 Nxc4 12. Qe2 Nb6 13. O-O f5 14. exf5 Bxf5
15. Bg5 Qd7 16. Qxe7 Bxh3 17. Qxd7 Bxd7 18. Rfe1 Rae8 19. Ne5 Be6 20. Rac1 h6
21. Nxg6 hxg5 22. Nxf8 Kxf8 23. Nb5 Bc4 24. Rxe8+ Kxe8 25. Nxc7+ Kd7 26. Na8
Nxa8 27. Rxc4 b6 28. Ra4 a5 29. b4 Bf8 30. Ra3 Bxb4 31. Rg3 Be7 32. Rg4 Ke6 33.
Re4+ Kd6 34. f4 Nc7 35. fxg5 Bxg5 36. Kf1 Ne6 37. Re5 Bf6 38. Rb5 Bxd4 39. Ke2
Bc5 40. Rb2 Ke5 41. Kd3 Kd5 42. g3 Bd4 43. Rh2 Be5 44. Rh5 Kd6 45. Rh3 b5 46.
Kc2 Kd5 47. g4 a4 48. Rh5 Ke4 49. g5 Kf5 50. g6+ Ng5 51. Rh6 Bg7 52. Rh1 Ne6
53. Rb1 Kxg6 54. Kd3 Nc5+ 55. Kc2 Ne6 56. Kd3 Nf4+ 57. Kd2 Bf8 58. Rxb5 Ne6 59.
Kd3 Kf6 60. Kc4 a3 61. Rb6 Ke5 62. Rxe6+ Kxe6 63. Kc3 Kd5 64. Kc2 Ke4 65. Kb1
Kd3 66. Kc1 Bh6+ 67. Kb1 Kd2 1/2-1/2

[Event "Intermat 2019"]
[Site "Amazon Seattle"]
[Date "2019.05.04"]
[Round "1"]
[White "Zhang, Ethan"]
[Black "Yang, Nathan Yi-Hsin"]
[Result "0-1"]
[WhiteElo "1261"]
[BlackElo "750"]
[PlyCount "114"]
[EventDate "2019.??.??"]

1. d4 d5 2. c4 c6 3. Nc3 Nf6 4. Nf3 Bf5 5. Bg5 h6 6. Bxf6 exf6 7. e3 Bb4 8. Qb3
Qa5 9. a3 Bxc3+ 10. bxc3 O-O 11. Be2 Qb6 12. Qxb6 axb6 13. O-O Nd7 14. Rfd1 Bc2
15. Rd2 Bb3 16. cxd5 Bxd5 17. c4 Be4 18. Rb2 Ra7 19. Rb3 Bc2 20. Rc3 Ba4 21.
Bd1 Bxd1 22. Rxd1 Rfa8 23. Ra1 Ra5 24. Rb3 Ra4 25. Nd2 g5 26. Kf1 Kf8 27. c5 b5
28. Ne4 f5 29. Nd6 b4 30. Nxb7 f4 31. Nd6 Rxa3 32. Rbxa3 Rxa3 33. Rb1 fxe3 34.
fxe3 Rxe3 35. Rxb4 Re6 36. Rb7 Rf6+ 37. Kg1 Ke7 38. Nc4 Rf4 39. Ne5 Ke6 40.
Rxd7 f6 41. Rd6+ Kf5 42. g4+ Ke4 43. h3 fxe5 44. dxe5 Kxe5 45. Rxh6 Rf6 46. Rh5
Rg6 47. h4 Kf4 48. Rxg5 Rxg5 49. hxg5 Kxg5 50. Kf2 Kxg4 51. Ke3 Kf5 52. Kd4 Kf4
53. Kc4 Ke4 54. Kb4 Kd3 55. Ka5 Kc4 56. Kb6 Kd5 57. Ka6 Kxc5 0-1

[Event "Intermat 2019"]
[Site "Amazon Seattle"]
[Date "2019.05.04"]
[Round "2"]
[White "Yang, Nathan Yi-Hsin"]
[Black "Jammalamadaka, Vihaan"]
[Result "0-1"]
[WhiteElo "750"]
[BlackElo "1426"]
[PlyCount "62"]
[EventDate "2019.??.??"]

1. e4 c5 2. Bc4 Nc6 3. Nf3 d6 4. Nc3 Nf6 5. d3 e6 6. O-O Be7 7. Bb5 Bd7 8. Be3
O-O 9. d4 cxd4 10. Nxd4 Nxd4 11. Bxd7 Nxc2 12. Qxc2 Qxd7 13. Rad1 e5 14. f4 Ng4
15. Qe2 Nxe3 16. Qxe3 exf4 17. Qxf4 Rac8 18. e5 Rfd8 19. exd6 Bxd6 20. Qg5 Qc7
21. Qh5 Qc5+ 22. Kh1 Qxh5 23. h3 Qe5 24. g3 Qxg3 25. Rd2 Qxh3+ 26. Kg1 Bc5+ 27.
Rdf2 Rd3 28. Ne4 Rd4 29. b4 Rxe4 30. bxc5 Rg4+ 31. Rg2 Qxg2# 0-1

[Event "Intermat 2019"]
[Site "Amazon Seattle"]
[Date "2019.05.04"]
[Round "1"]
[White "Chen, Brian"]
[Black "Yang, Brian"]
[Result "1-0"]
[WhiteElo "1808"]
[BlackElo "1798"]
[PlyCount "69"]
[EventDate "2019.??.??"]

1. e4 c5 2. Nf3 e6 3. d3 Nc6 4. g3 Nge7 5. Bg2 g6 6. O-O Bg7 7. c3 e5 8. Bg5
O-O 9. Qd2 f6 10. Bh6 f5 11. Bxg7 Kxg7 12. exf5 gxf5 13. Re1 Ng6 14. c4 d6 15.
Nc3 h6 16. Rab1 f4 17. a3 Bg4 18. Rf1 Qd7 19. b4 Bh3 20. Ne4 cxb4 21. axb4 Qg4
22. Bxh3 Qxh3 23. Kh1 Rad8 24. Ng1 Qh5 25. f3 fxg3 26. Nxg3 Qh4 27. N1e2 Nd4
28. Nxd4 exd4 29. f4 Kh7 30. f5 Ne5 31. Rf4 Qg5 32. Ne4 Qh5 33. Qg2 Nxd3 34.
Rg1 Rd7 35. Qg8+ 1-0

[Event "Intermat 2019"]
[Site "Amazon Seattle"]
[Date "2019.05.04"]
[Round "2"]
[White "Chung, Alec"]
[Black "Chen, Brian"]
[Result "1-0"]
[WhiteElo "1797"]
[BlackElo "1808"]
[PlyCount "63"]
[EventDate "2019.??.??"]

1. c4 Nf6 2. Nc3 g6 3. e4 c5 4. g3 e5 5. Bg2 Bg7 6. Nge2 O-O 7. O-O d6 8. h3
Ne8 9. d3 Nc6 10. Be3 f5 11. Qd2 Nd4 12. f4 Rb8 13. Rab1 a6 14. fxe5 dxe5 15.
Nd5 Nf6 16. Nxd4 cxd4 17. Bg5 Qd6 18. exf5 gxf5 19. g4 fxg4 20. c5 Qe6 21. Bxf6
Rxf6 22. Nxf6+ Bxf6 23. Bd5 Qxd5 24. Rxf6 e4 25. Qh6 Qxc5 26. Rc1 Qb4 27. a3
Qe7 28. Qf4 Ra8 29. Rf1 Be6 30. Qg5+ Kh8 31. Qe5 Qg7 32. Rxe6 1-0

[Event "Intermat 2019"]
[Site "Amazon Seattle"]
[Date "2019.05.04"]
[Round "2"]
[White "Doknjas, Neil"]
[Black "Shubin, Daniel"]
[Result "1/2-1/2"]
[WhiteElo "2014"]
[BlackElo "2029"]
[PlyCount "69"]
[EventDate "2019.??.??"]

1. e4 e6 2. d4 d5 3. Nc3 Bb4 4. exd5 exd5 5. Bd3 Nc6 6. a3 Ba5 7. Nge2 Nge7 8.
O-O O-O 9. Na4 Bf5 10. b4 Bb6 11. c3 Qd7 12. Nxb6 axb6 13. Ng3 Bxd3 14. Qxd3
Rfe8 15. Bg5 Nc8 16. f4 f6 17. Bh4 Nd6 18. f5 b5 19. Nh5 Qf7 20. Nf4 Nc4 21.
Ne6 Nd8 22. Nxd8 Rexd8 23. g4 h6 24. Rae1 Re8 25. Bg3 c6 26. h4 Rxe1 27. Rxe1
Re8 28. Re2 Nxa3 29. Kf2 Nc4 30. Rxe8+ Qxe8 31. h5 Qe7 32. Kf3 Nd6 33. Bxd6
Qxd6 34. Qe3 Kf7 35. Qf4 1/2-1/2

[Event "Intermat 2019"]
[Site "Amazon Seattle"]
[Date "2019.05.04"]
[Round "2"]
[White "Zongyueli, Tony"]
[Black "Vemparala, Nikash"]
[Result "1-0"]
[WhiteElo "860"]
[BlackElo "1734"]
[PlyCount "95"]
[EventDate "2019.??.??"]

1. d4 d5 2. c4 c6 3. Nf3 Nf6 4. Nc3 e6 5. Bg5 dxc4 6. e4 h6 7. Bf4 Bb4 8. Qc2
Qa5 9. Bd2 b5 10. Be2 Nbd7 11. O-O O-O 12. a3 Bxc3 13. Bxc3 Qc7 14. a4 a6 15.
b3 cxb3 16. Qxb3 Nxe4 17. Bb4 c5 18. Rac1 Qb6 19. a5 Qa7 20. dxc5 Nexc5 21. Qa3
Na4 22. Bxf8 Nxf8 23. Rfd1 Bd7 24. Qd6 Rd8 25. Ne5 f6 26. Rc7 Qb8 27. Nxd7 Rxd7
28. Rxd7 Nxd7 29. Qxe6+ Kh8 30. Rxd7 Nc5 31. Qd6 Nxd7 32. Qxd7 Qe5 33. Bd3 Qe1+
34. Bf1 b4 35. Qc8+ Kh7 36. Qxa6 b3 37. Qe2 Qxa5 38. Qd3+ Kh8 39. Qxb3 Qe1 40.
Qe3 Qd1 41. g3 h5 42. Kg2 Qd5+ 43. Qf3 Qg5 44. Bd3 g6 45. h4 Qe5 46. Bxg6 Kg7
47. Qxh5 Qxh5 48. Bxh5 1-0

[Event "Intermat 2019"]
[Site "Amazon Seattle"]
[Date "2019.05.04"]
[Round "1"]
[White "Ryan Min"]
[Black "Frank Zhou"]
[Result "1-0"]
[WhiteElo "1762"]
[BlackElo "1183"]
[PlyCount "119"]
[EventDate "2019.??.??"]

1. d4 d5 2. c4 e6 3. Nc3 Nf6 4. cxd5 exd5 5. Bg5 Be7 6. e3 c6 7. Qc2 h6 8. Bh4
O-O 9. Bd3 Be6 10. Nge2 Nbd7 11. O-O Rc8 12. f3 c5 13. Rad1 a6 14. a4 Qc7 15.
Kh1 Rfe8 16. e4 c4 17. Bxc4 Qxc4 18. e5 Nh7 19. Bxe7 Rxe7 20. f4 Bg4 21. Rde1
Bxe2 22. Rxe2 b5 23. axb5 axb5 24. Nxd5 Qxc2 25. Nxe7+ Kf8 26. Rxc2 Rxc2 27.
Nf5 Nb6 28. Rb1 Nd5 29. g3 b4 30. Ra1 Ne7 31. Nd6 g5 32. Ra8+ Kg7 33. Ra7 Nc8
34. Rxf7+ Kg8 35. Rb7 Nxd6 36. exd6 Nf8 37. d7 Nxd7 38. Rxd7 Rxb2 39. fxg5 hxg5
40. Rb7 b3 41. h3 Rb1+ 42. Kg2 b2 43. d5 Rd1 44. Rxb2 Rxd5 45. Kf3 Kg7 46. Ke4
Rc5 47. Rf2 Rc4+ 48. Kd3 Ra4 49. Rc2 Ra3+ 50. Rc3 Rxc3+ 51. Kxc3 g4 52. h4 Kf6
53. Kd4 Kf5 54. Ke3 Ke5 55. Kd3 Kf5 56. Kd4 Kg6 57. Ke5 Kh6 58. Kf5 Kh5 59. Kf4
Kg6 60. Kxg4 1-0

[Event "Intermat 2019"]
[Site "Amazon Seattle"]
[Date "2019.05.04"]
[Round "2"]
[White "Wu, Lucian"]
[Black "Anoop, Pranav K."]
[Result "1/2-1/2"]
[WhiteElo "1742"]
[BlackElo "1905"]
[PlyCount "100"]
[EventDate "2019.??.??"]

1. d4 d5 2. c4 e6 3. Nc3 Be7 4. cxd5 exd5 5. Bf4 Nf6 6. e3 Bf5 7. Nf3 O-O 8. h3
c6 9. Be2 h6 10. O-O Nbd7 11. Bd3 Bxd3 12. Qxd3 Re8 13. a3 a5 14. Rac1 Bf8 15.
Qc2 Nb6 16. Rfe1 Nc4 17. Qb3 Ra6 18. Na4 b5 19. Nc5 Bxc5 20. dxc5 Ne4 21. Qc2
a4 22. Nd4 Nxc5 23. g4 Ne6 24. Nxe6 fxe6 25. Qg6 Qe7 26. Kh2 Qf7 27. Qc2 e5 28.
Bg3 Ra7 29. h4 Rae7 30. Rg1 d4 31. Qe2 Rd7 32. Rcd1 Red8 33. exd4 Rxd4 34. Rxd4
Rxd4 35. g5 h5 36. Qc2 g6 37. Rd1 Kh7 38. Rxd4 exd4 39. Qe2 Qd7 40. Qf3 d3 41.
Qf8 Qg7 42. Qd8 Nxb2 43. Bf4 Nd1 44. Kg3 Qf7 45. f3 Qa7 46. Kh3 Qf7 47. Kg3 Qa7
48. Kh3 Nf2+ 49. Kg2 Nd1 50. Kh3 Qf7 1/2-1/2

[Event "Intermat 2019"]
[Site "Amazon Seattle"]
[Date "2019.05.04"]
[Round "1"]
[White "Anoop, Pranav K."]
[Black "Huang, ZhiQi Ryan"]
[Result "1-0"]
[WhiteElo "1905"]
[BlackElo "1835"]
[PlyCount "115"]
[EventDate "2019.??.??"]

1. e4 c5 2. c3 d5 3. exd5 Qxd5 4. d4 Nf6 5. Nf3 Bg4 6. Be2 e6 7. Na3 Nc6 8. O-O
cxd4 9. Nb5 Qd7 10. Nbxd4 Nxd4 11. Nxd4 Bxe2 12. Qxe2 Be7 13. Rd1 O-O 14. Nf5
Qe8 15. Nxe7+ Qxe7 16. Bg5 Rfd8 17. Qf3 b6 18. Bxf6 Qxf6 19. Qxf6 gxf6 20. Kf1
Kf8 21. Ke2 Ke7 22. Rxd8 Rxd8 23. Rd1 Rg8 24. g3 Rg5 25. Rd4 Ra5 26. a3 Rb5 27.
b4 Re5+ 28. Kd2 Rf5 29. Ke3 Re5+ 30. Re4 Kd6 31. c4 Rh5 32. h4 Kc6 33. Rg4 Re5+
34. Kd2 Rf5 35. Ke3 Re5+ 36. Kf3 Re1 37. Rg7 Ra1 38. Rxh7 Rxa3+ 39. Kg2 Rc3 40.
h5 Rxc4 41. h6 Kb5 42. Rh8 Rg4 43. Rf8 Rg6 44. h7 Rh6 45. h8=Q Rxh8 46. Rxh8
Kxb4 47. Kf1 a5 48. Ke2 b5 49. Kd2 Kb3 50. Rh1 Kb2 51. Rc1 b4 52. Rc2+ Kb3 53.
Kc1 a4 54. Kb1 a3 55. Re2 Kc3 56. Re3+ Kd4 57. Ka2 e5 58. Kb3 1-0

[Event "Intermat 2019"]
[Site "Amazon Seattle"]
[Date "2019.05.04"]
[Round "1"]
[White "Wilke, Daniel"]
[Black "Zheng, Maven"]
[Result "0-1"]
[WhiteElo "1749"]
[BlackElo "1885"]
[PlyCount "68"]
[EventDate "2019.??.??"]

1. e4 e5 2. Nf3 Nc6 3. Bc4 Bc5 4. Nc3 Nf6 5. d3 d6 6. Nd5 h6 7. c3 a6 8. b4 Ba7
9. a4 O-O 10. h3 Bd7 11. Bb2 Re8 12. Qb3 Be6 13. O-O Nh5 14. d4 Rb8 15. Nxc7
Qxc7 16. d5 Bd7 17. dxc6 Bxc6 18. Bd5 Nf4 19. c4 b5 20. Bxc6 Qxc6 21. axb5 axb5
22. cxb5 Qb7 23. Kh2 Bb6 24. Nd2 Rec8 25. g3 Ne6 26. Nc4 Rd8 27. Ra6 Bc7 28.
Qd3 Qxb5 29. Rfa1 Qxb4 30. Ba3 Qb5 31. Bxd6 Nc5 32. Qa3 Nxa6 33. Qxa6 Bxd6 34.
Nxd6 Qc5 0-1

[Event "Intermat 2019"]
[Site "Amazon Seattle"]
[Date "2019.05.04"]
[Round "2"]
[White "Leong, Ryan"]
[Black "Wilke, Daniel"]
[Result "1-0"]
[WhiteElo "1917"]
[BlackElo "1749"]
[PlyCount "67"]
[EventDate "2019.??.??"]

1. Nf3 d5 2. g3 Bf5 3. Bg2 e6 4. d3 Nf6 5. Nbd2 Nc6 6. O-O Bc5 7. c3 O-O 8. b4
Bb6 9. a4 a5 10. b5 Ne7 11. Ba3 Re8 12. Bxe7 Qxe7 13. d4 Rac8 14. Qb3 Qd6 15.
Ne5 Nd7 16. Nxd7 Qxd7 17. Nf3 f6 18. h3 c5 19. bxc6 Qxc6 20. Nh4 Bd8 21. Nxf5
Qxc3 22. Qb5 Be7 23. Nxe7+ Rxe7 24. Rac1 Qxc1 25. Rxc1 Rxc1+ 26. Kh2 Kf7 27.
Qxa5 Rec7 28. g4 Kg6 29. Qb5 Kg5 30. Kg3 R7c3+ 31. e3 h5 32. gxh5 Kxh5 33. Qe8+
Kh6 34. Qxe6 1-0